Bass Clef Notes - Statistics

General Stats
  • This quiz has been taken 101 times
  • The average score is 15 of 16
Answer Stats
Picture Answer % Correct
C
100%
D
99%
G
99%
A
96%
E
96%
A
95%
B
95%
C
95%
E
95%
F
95%
F
95%
G
95%
B
92%
D
92%
C
91%
D
91%
No matching quizzes found
Score Distribution
Percent of People with Each Score
Percentile by Number Answered
Your Score History
You have not taken this quiz